书目信息 |
| 题名: |
建筑经济原理与体制改革
|
|
| 作者: | 金敏求 著 | |
| 分册: | ||
| 出版信息: | 北京 中国建筑工业出版社 1985 |
|
| 页数: | 185页 | |
| 开本: | 19cm | |
| 丛书名: | ||
| 单 册: | ||
| 中图分类: | F407.9 | |
| 科图分类: | ||
| 主题词: | 经济体制改革-建筑企业 , 建筑经济--理论 , 建筑企业-经济体制改革 | |
| 电子资源: | ||
| ISBN: | ||
| 000 | 00708nam0 2200253 45 | |
| 001 | 0185002231 | |
| 005 | 20060810110256.73 | |
| 010 | @dCNY1.15 | |
| 091 | @aCN@b15040.4763 | |
| 100 | @a19900816d1985 em y0chiy0121 ea | |
| 101 | 0 | @achi |
| 102 | @aCN@b110000 | |
| 105 | @ay z 000yy | |
| 200 | 10 | @a建筑经济原理与体制改革@Ajian zhu jing ji yuan li yu ti zhi gai ge@f金敏求著 |
| 210 | @a北京@c中国建筑工业出版社@d1985 | |
| 215 | @a185页@d19cm | |
| 606 | @a经济体制改革-建筑企业 | |
| 606 | @a建筑经济@x理论 | |
| 606 | @a建筑企业-经济体制改革 | |
| 690 | @aF407.9@v3 | |
| 701 | 0 | @a金敏求@Ajin min qiu@4著 |
| 801 | 0 | @aCN@bTSSF@c20060810 |
| 801 | 2 | @aCN@bNLC@c20060809 |
| 905 | @a10447@dF407.9@e116 | |
| 建筑经济原理与体制改革/金敏求著.-北京:中国建筑工业出版社,1985 |
| 185页;19cm |
| ISBN :CNY1.15 |
| ● |
| 相关链接 |
|
|
|
|
正题名:建筑经济原理与体制改革
索取号:F407.9/116
 
预约/预借
| 序号 | 登录号 | 条形码 | 馆藏地/架位号 | 状态 | 备注 |
| 1 | 0447984 | 204479849 | 密集书库/ [索取号:F407.9/116] | 在馆 | |
| 2 | 0447985 | 204479858 | 密集书库/ [索取号:F407.9/116] | 在馆 | |
| 3 | 0447986 | 204479867 | 密集书库/ [索取号:F407.9/116] | 在馆 | |
| 4 | 0448399 | 204483996 | 密集书库/ [索取号:F407.9/116] | 在馆 | |
| 5 | 0449916 | 204499168 | 密集书库/ [索取号:F407.9/116] | 在馆 |